Sports Quiz

Random Sports or Automobiles Quiz
Score 0/77 Timer 08:00
0 Plays Today
Year Car % Correct
2000Audi R8
80.4%
2001Audi R8
80.4%
2002Audi R8
80.4%
2004Audi R8
80.4%
2005Audi R8
80.4%
1966Ford GT40 Mk II
64.2%
1967Ford GT40 Mk IV
64.2%
1968Ford GT40 Mk I
64.2%
1969Ford GT40 Mk I
64.2%
2009Peugeot 908 HDI FAP
64.2%
1986Porsche 962C
54.2%
1987Porsche 962C
54.2%
1970Porsche 917K
53.8%
1971Porsche 917K
53.8%
1982Porsche 956
52.9%
1983Porsche 956
52.9%
1984Porsche 956
52.9%
1985Porsche 956
52.9%
2003Bentley Speed 8
52.9%
1989Sauber C9 Mercedes Benz
50%
1991Mazda 787B
49.2%
1992Peugeot 905 Evo 1B
47.1%
1993Peugeot 905 Evo 1B
47.1%
1958Ferrari 250 TR58
46.7%
1960Ferrari 250 TR59/60
46.7%
1961Ferrari 250 TRI/61
46.7%
1988Jaguar XJR-9LM
46.7%
1990Jaguar XJR-12
46.7%
2006Audi R10 TDI
45.8%
2007Audi R10 TDI
45.8%
2008Audi R10 TDI
45.8%
1998Porsche 911 GT1-98
44.6%
1995McLaren F1 GTR
42.5%
1999BMW V12 LMR
41.7%
1955Jaguar D-Type
38.8%
1956Jaguar D-Type
38.8%
1957Jaguar D-Type
38.8%
1979Porsche 935 K3
35%
1994Dauer 962 Le Mans
34.2%
Year Car % Correct
1976Porsche 936
33.3%
1977Porsche 936
33.3%
1981Porsche 936
33.3%
1937Bugatti Type 57G Tank
30%
1939Bugatti Type 57G Tank
30%
1962Ferrari 330 TRI/LM Spyder
29.2%
1978Renault Alpine A442B
27.5%
1953Jaguar C-Type
27.1%
1929Bentley Speed Six
26.3%
1931Alfa Romeo 8C 2300
25.8%
1932Alfa Romeo 8C 2300
25.8%
1933Alfa Romeo 8C 2300
25.8%
1934Alfa Romeo 8C 2300
25.8%
1930Bentley Speed Six
25.4%
1980Rondeau M379B Ford Cosworth
25%
1959Aston Martin DBR1
24.2%
1972Matra Simca MS670
23.3%
1973Matra Simca MS670B
23.3%
1974Matra Simca MS670C
23.3%
1975Mirage GR8 Ford Cosworth
21.7%
1950Talbot-Lago T26 Grand Sport
20.4%
1996TWR Porsche WSC-95
18.3%
1997TWR Porsche WSC-95
18.3%
1923Chenard et Walcker Sport
16.7%
1951Jaguar XK-120C
16.3%
1965Ferrari 250LM
15.8%
1935Lagonda M45R Rapide
15%
1952Mercedes Benz 300SL
14.6%
1949Ferrari 166MM
12.5%
1938Delahaye 135CS
12.1%
1925Lorraine-Dietrich B3-6
11.7%
1926Lorraine-Dietrich B3-6
11.7%
1963Ferrari 250P
10%
1954Ferrari 375 Plus
9.2%
1964Ferrari 275P
7.9%
1928Bentley 4.5 Litre
6.7%
1924Bentley 3 Litre Sport
5.8%
1927Bentley 3 Litre Super Sport
3.8%
Come Together.
Have Fun.
All Virtual.
We all need to come together. Play Sporcle's virtual live trivia to have fun, connect with people, and get your trivia on. Join a live hosted trivia game for your favorite pub trivia experience done virtually. If a virtual private party is more your thing, go here for details.

You're not logged in!

Compare scores with friends on all Sporcle quizzes.
OR
Log In

Sporcle TV

Today on Sporcle TV


Watch our educational content, quiz creation guides, and fun videos on Sporcle TV.

Show Comments

Extras

Top Quizzes Today


Score Distribution

Paid Content

Your Account Isn't Verified!

In order to create a playlist on Sporcle, you need to verify the email address you used during registration. Go to your Sporcle Settings to finish the process.

Report this User

Report this user for behavior that violates our Community Guidelines.

Details: